000 00291nam a22001217a 4500
040 _cSK
082 _a639
100 _aHUOT KONGHEANG
245 _aIntegrated aquaculture; វារីវប្បកម្មរួមផ្សំ
260 _aRUA
_bHUO
_cNA
300 _a61p.
942 _cEK
999 _c8881
_d8881